Bilecik Bilecik Bilecik Bilecik Bilecik

Osmanlı İmparatorluğu ve modern Türkiye II : (Record no. 24332)

MARC details
000 -BAŞLIK
Sabit Uzunluktaki Kontrol Alanı 01738nam a22004337a 4500
001 - KONTROL NUMARASI
Control Dosyası 0024380
003 - KONTROL NUMARASI KİMLİĞİ
Kontrol Alanı KOHA_MİRAKIL
005 - EN SON İŞLEM TARİHİ ve ZAMANI
Kontrol Alanı 20260207002438.0
007 - FİZİKSEL TANIM SABİT ALAN - GENEL BİLGİ
Sabit uzunluklu kontrol alanı ta
008 - SABİT UZUNLUKTAKİ VERİ ÖGELERİ - GENEL BİLGİ
Sabit Alan 101112b2006 tu |||gr||||#0|||0|tur |
020 ## - ISBN - ULUSLARARASI STANDART KİTAP NUMARASI
Isbn 9789753901585
Nitelik bilgileri tk. no 9789753901598
-- c. 1
020 ## - ISBN - ULUSLARARASI STANDART KİTAP NUMARASI
Kullanılabilirlik koşulları 15,64
040 ## - KATALOGLAMA KAYNAĞI
Özgün Kataloglama Kurumu TR-BiSEU
Kataloglama Dili tur
Çeviri Kurumu TR-BiSEU
Açıklama Kuralları rda
041 0# - DİL KODU
Metin ya da ses kaydının dil kodu tur
044 ## - YAYINLAYAN/ÜRETEN KURULUŞUN ÜLKE KODU
ISO country code tu
050 ## - SINIFLAMA ve YER NUMARASI
Sınıflama Numarası DR440
Yer Numarası .S51 2006
100 1# - KİŞİ ADI
Yazar Adı (Kişi adı) Shaw, Stanford Jay.
245 1# - ESER ADI BİLDİRİMİ
Başlık Osmanlı İmparatorluğu ve modern Türkiye II :
Alt Eseradı vb. Reform, devrim ve cumhuriyet: modern Türkiye'nin doğuşu, 1808-1975.= History of the Ottoman Empire and modern Turkey II/
Sorumluluk Bildirimi Stanford Jay Shaw ; Stanford J. Shaw, Ezel Kural Shaw; çeviren Mehmet Harmancı.
264 #1 - ÜRERİM, YAYIN, DAĞITIM ve TELİF BİLDİRİMİ
Yayın yeri İstanbul :
Yayınlayan E Yayınları
Yayın tarihi 2006
300 ## - FİZİKSEL TANIMLAMA
Sayfa, Cilt vb. c.,575 sayfa
336 ## - İÇERİK TÜRÜ
Content type term metin
Content type code txt
Source rdacontent
337 ## - MEDYA TÜRÜ
Media type term aracısız
Media type code n
Source rdamedia
338 ## - TAŞIYICI TÜRÜ
Carrier type term cilt
Carrier type code nc
Source rdacarrier
490 0# - DİZİ BİLDİRİMİ
Dizi Bildirimi E yayınları.
490 0# - DİZİ BİLDİRİMİ
Dizi Bildirimi Tarih dizisi.
500 ## - GENEL NOT
Genel Not Kaynakça ve dizin var.
500 ## - GENEL NOT
Genel Not Eserin özün adı: History of the Ottoman Empire and modern Turkey.
500 ## - GENEL NOT
Genel Not c. 1. Gaziler İmparatorluğu, Osmanlı İmparatorluğu'nun yükselişi ve çöküşü 1280-1808.-- c. 2. Reform, devrim ve cumhuriyet: modern Türkiye'nin doğuşu, 1808-1975.
650 #0 - KONU BAŞLIĞI EK GİRİŞ - KONU TERİMİ
Konusal terim veya coğrafi ad Türkiye--Tarih Osmanlı İmparatorluğu, 1288-1918.
9 (RLIN) 24923
650 #0 - KONU BAŞLIĞI EK GİRİŞ - KONU TERİMİ
Konusal terim veya coğrafi ad Turkey--History Ottoman Empire, 1288-1918.
9 (RLIN) 16767
650 #0 - KONU BAŞLIĞI EK GİRİŞ - KONU TERİMİ
Konusal terim veya coğrafi ad Türkiye--Tarih 1918-1960.
9 (RLIN) 21135
650 #0 - KONU BAŞLIĞI EK GİRİŞ - KONU TERİMİ
Konusal terim veya coğrafi ad Turkey--History 1918-1960.
9 (RLIN) 20619
650 #0 - KONU BAŞLIĞI EK GİRİŞ - KONU TERİMİ
Konusal terim veya coğrafi ad Türkiye--Tarih 1960-.
9 (RLIN) 49791
650 #0 - KONU BAŞLIĞI EK GİRİŞ - KONU TERİMİ
Konusal terim veya coğrafi ad Turkey--History 1960-.
9 (RLIN) 23695
830 0# - SERİ EK GİRİŞİ - TEKBİÇİM ESER ADI
Tekbiçim Başlık E yayınları.
9 (RLIN) 9555
830 0# - SERİ EK GİRİŞİ - TEKBİÇİM ESER ADI
Tekbiçim Başlık Tarih dizisi.
9 (RLIN) 7565
907 ## - LOCAL DATA ELEMENT G, LDG (RLIN)
a Tarih
942 ## - EK GİRİŞ ÖGELERİ (KOHA)
Source of classification or shelving scheme Library of Congress Classification
Koha item type Book
Holdings
Materyal Türü Kalıcı Konum Mevcut Konum Raf Yeri Sınıflandırma Kaynağı Edinim Bilgisi Ana Konular Alt Konular Yer Numarası Cilt Bilgisi Demirbaş Numarası Fatura Tarihi Maliyet, Alış Fiyatı Maliyet, Yenileme Fiyatı Geri Çekilme Durumu Kayıp Durumu Hasarlı Durumu Kredi için değil Kayıt Tarih Toplam Ödünçverme Son Görülme Tarihi Son Kontrol Tarihi
Book Prof. Dr. Azmi Özcan Kütüphanesi Prof. Dr. Azmi Özcan Kütüphanesi Uluğbey Salonu Library of Congress Classification Satın DÜNYA TARİHİ (AVRUPA, ASYA, AFRİKA VB.) Balkan Yarımadası DR440 .S51 2006 c.2 0024380 15/12/2010 20.27 20.27         12/11/2010 4 05/12/2024 05/12/2024